| Registos Bibliográficos associados ao registo de autoridade |
|
Etiqueta de registo: 00699cam 2200205 450 001 1100195 003 http://id.bnportugal.gov.pt/bib/catbnp/1100195 100 ## $a20030213d2002 k y0pory0103 ba 101 0# $apor 102 ## $aPT 105 ## $aa m 001yy 106 ## $ar 200 1# $aDos desertos ao petróleo$bTexto policopiado]$eretrato de uma monarquia fundamentalista$fTeresa Manuela Rebelo Fernandes de Almeida e Silva 210 #9 $aLisboa$c[s.n.],$d2002 215 ## $a214, [19] f.$cil.$d30 cm 320 ## $aBibliografia, f. 202-212 328 ## $aTese mestr. Relações Internacionais Univ. Técnica Lisboa, 2002 675 ## $a321(532)(043)$vBN$zpor$31557254 675 ## $a28Islamismo(532)(043)$vBN$zpor$31557255 675 ## $a327(043)$vBN$zpor$3559393 700 #1 $aSilva,$bTeresa de Almeida e$31148780 966 ## $lBN$mFGMON$sS.C. 97812 V.$x1
Etiqueta de registo: 00230nam 2200025 450 001 1802328 003 http://id.bnportugal.gov.pt/bib/catbnp/1802328 010 ## $a978-989-693-012-7 021 ## $aPT$b332724/11 100 ## $a20120202d2011 m y0pory0103 ba 101 0# $apor 102 ## $aPT 105 ## $aa z 001yy 106 ## $ar 200 1# $aIslão e fundamentalismo islâmico$edas origens ao século XXI$fTeresa de Almeida e Silva 210 #9 $aLisboa$cPactor,$dcop. 2011 215 ## $a166, [2] p.$cil.$d23 cm 320 ## $aContém bibliografia 675 ## $a28-9$vBN$zpor$3368321 675 ## $a323.2$vBN$zpor$3290084 675 ## $a316.74/.77$vBN$zpor$31497586 700 #1 $aSilva,$bTeresa de Almeida e$31148780 801 #0 $aPT$bBN$gRPC 856 41 $uhttp://rnod.bnportugal.gov.pt/ImagesBN/winlibimg.aspx?skey=&doc=1802328&img=6229&save=true 900 ## $aBIBNAC$d20120802 966 ## $lBN$mFGMON$sR. 26611 V.$x1 966 ## $lBN$mFGMON$sR. 26611 V.-D$x1
Etiqueta de registo: 00230nam 2200025 450 001 1791075 003 http://id.bnportugal.gov.pt/bib/catbnp/1791075 010 ## $a978-989-646-045-7 021 ## $aPT$b312660/10 100 ## $a20111010d2010 m y0pory01030103ba 101 0# $apor 102 ## $aPT 105 ## $aa j 000yy 106 ## $ar 200 1# $aSociedade e cultura na área islâmica$fTeresa de Almeida e Silva 210 #9 $aLisboa$cInstituto Superior de Ciências Sociais e Políticas,$d2010 215 ## $a273 p.$cil.$d24 cm 225 2# $aManuais pedagógicos 317 ## $aBiblioteca Eva-Maria von Kemnitz$5PTBN: S.C. 148131 V. 675 ## $a316.7(=411.21)(075.8)$vBN$zpor$31509743 675 ## $a32(=411.21)(075.8)$vBN$zpor$31509744 700 #1 $aSilva,$bTeresa de Almeida e$31148780 801 #0 $aPT$bBN$gRPC 856 41 $uhttp://rnod.bnportugal.gov.pt/ImagesBN/winlibimg.aspx?skey=&doc=1791075&img=15499&save=true 900 ## $aBIBNAC$d20121109 966 ## $lBN$mFGMON$sS.C. 131049 V.$x1 966 ## $lBN$mFGMON$sS.C. 131049 V.-D$x1 966 ## $lBN$mFGMON$pBiblioteca Eva-Maria von Kemnitz$sS.C. 148131 V.$x3
Etiqueta de registo: 00230nam 2200025 450 001 1736178 003 http://id.bnportugal.gov.pt/bib/catbnp/1736178 100 ## $a20100202d2008 k y0pory0103 ba 101 0# $apor 102 ## $aPT 105 ## $aa m 001yy 106 ## $ar 200 1# $aWahhabismo$bTexto policopiado]$econtribuições para a análise do fundamentalismo saudita$fTeresa Manuela Rebelo Fernandes de Almeida e Silva 210 #9 $aLisboa$c[s.n.],$d2008 215 ## $a365, [64] f.$cil.$d30 cm 215 ## $a1 disco óptico (CD-ROM) em caixa$cil.$d13 x 14 x 1 cm 305 ## $aEd. impressa e em CD-ROM 320 ## $aBibliografia, f. 346-364 328 #0 $bTese dout.$cCiências Sociais (Relações Internacionais)$eInstituto Superior de Ciências e Políticas, Univ. Técnica de Lisboa$d2008 675 ## $a327.3(532)(043)$vBN$zpor$90$31411100 675 ## $a323.1/.2(532)(091)(043)$vBN$zpor$31411101 675 ## $a329.3(532)(091)(043)$vBN$zpor$31411102 675 ## $a28(532)(043)$vBN$zpor$31411103 700 #1 $aSilva,$bTeresa de Almeida e$31148780 712 02 $aUniversidade Técnica de Lisboa.$bInstituto Superior de Ciências Sociais e Políticas$4295$3201335 801 #0 $aPT$bBN$gRPC 966 ## $lBN$mDEM$sS.C. 38024 P.$x1 966 ## $lBN$mFGMON$sS.C. 120548 V.$x1
Etiqueta de registo: 00000nam 2200025 450 001 1928084 003 http://id.bnportugal.gov.pt/bib/catbnp/1928084 010 ## $a978-989-693-056-1 021 ## $aPT$b403646/16 100 ## $a20160413d2016 m y0pory0103 ba 101 0# $apor 102 ## $aPT 105 ## $aa z 001yy 106 ## $ar 200 1# $aIslão e fundamentalismo islâmico$edas origens ao século XXI$fTeresa de Almeida e Silva 205 ## $a2ª ed. atualizada 210 #9 $aLisboa$cPactor,$d2016 215 ## $a178 p.$cil.$d23 cm 320 ## $aContém bibliografia 675 ## $a28-9$vBN$zpor$3368321 675 ## $a323.2$vBN$zpor$3290084 675 ## $a316.74/.77$vBN$zpor$31497586 700 #1 $aSilva,$bTeresa de Almeida e$31148780 801 #0 $aPT$bBN$gRPC 856 41 $uhttp://rnod.bnportugal.gov.pt/ImagesBN/winlibimg.aspx?skey=&doc=1928084&img=75677&save=true 900 ## $aBIBNAC$d20160512 966 ## $lBN$mFGMON$sR. 28743 V.$x1 966 ## $lBN$mFGMON$sR. 28743 V.-D$x1
Etiqueta de registo: 00000nam 2200025 450 001 1928302 003 http://id.bnportugal.gov.pt/bib/catbnp/1928302 010 ## $a978-989-693-054-7 021 ## $aPT$b403861/16 100 ## $a20160414d2016 m y0pory01030103ba 101 0# $apor 102 ## $aPT 105 ## $aa z 001yy 106 ## $ar 200 1# $aSegurança contemporânea$fcoord. Raquel Duque, Diogo Noivo, Teresa de Almeida e Silva$g[pref. Adriano Moreira] 205 ## $a1ª ed 210 #9 $aLisboa$cPactor,$dimp. 2016 215 ## $a340, [2] p.$cil.$d25 cm 320 ## $aContém bibliografia 675 ## $a355.02(042)$vBN$zpor$31269537 675 ## $a355.45(042)$vBN$zpor$3926598 675 ## $a327(042)$vBN$zpor$31222310 675 ## $a323.2(042)$vBN$zpor$3809623 702 #1 $aDuque,$bRaquel dos Santos$4340$31527847 702 #1 $aNoivo,$bDiogo$4340$31642599 702 #1 $aSilva,$bTeresa de Almeida e$4340$31148780 702 #1 $aMoreira,$bAdriano,$f1922-2022$4080$327349 801 #0 $aPT$bBN$gRPC 856 41 $uhttp://rnod.bnportugal.gov.pt/ImagesBN/winlibimg.aspx?skey=&doc=1928302&img=75440&save=true 900 ## $aBIBNAC$d20160503 966 ## $lBN$mFGMON$sS.C. 142954 V.$x1
Etiqueta de registo: 00000nam 2200025 450 001 2088968 003 http://id.bnportugal.gov.pt/bib/catbnp/2088968 100 ## $a20220105d2020 k y0pory01030103ba 101 0# $apor$deng 102 ## $aPT 105 ## $aa m 000yy 106 ## $ar 200 1# $a A geopolítica de um conflito tornado obsoleto$eantagonismos no processo de descolonização e autodeterminação do Saara Ocidental$fGuilherme Francisco Rosa Monteiro$gorient. Teresa de Almeida e Silva 210 #9 $aLisboa$c[s.n.],$d2020 215 ## $a383 f.$cil.$d30 cm$ecurriculum vitae (23 p.) 328 #1 $aTese dout. Relações Internacionais, Instituto Superior de Ciências Sociais e Políticas,
Universidade de Lisboa, 2021 675 ## $a327.7/.8(64-07)"199/201"$vBN$zpor$31848976 700 #1 $aMonteiro,$bGuilherme Francisco Rosa,$f1968-$31371861 702 #1 $aSilva,$bTeresa de Almeida e$4727$31148780 801 #0 $aPT$bBN$gRPC 966 ## $lBN$mFGMON$sS.C. 158553 V.$x1 971 ## $corlando$d20220105 972 ## $e0$z0$d20220615$viquintas 973 ## $caalmeid$d20220607
Etiqueta de registo: 00000nam 2200025 450 001 2284153 003 http://id.bnportugal.gov.pt/bib/catbnp/2284153 100 ## $a20260413d2026 k y0pory01030103ba 101 0# $aeng$dpor 102 ## $aPT 105 ## $aa m 000yy 106 ## $ar 200 1# $aPost-Arab Spring - consequences and challenges in the Middle East$epolitical lslam and democratic transition in Egypt$fAyman Gad Elmetwaly Elashkar$gorient. Teresa Manuela Rebelo Fernandes de Almeida e Silva 210 #9 $aLisboa$c[s.n.],$d2026 215 ## $aXI, 337 p.$cil.$d30 cm$ecurriculum vitae ([1] f.) 328 #1 $aTese dout. Relações Internacionais, Instituto Superior de Ciências Sociais e Políticas,
Universidade de Lisboa, 2026 675 ## $a327.2(56+620)(043)$vBN$zpor$31998319 675 ## $a323.2(620)"2011"(043)$vBN$zpor$31998318 700 #1 $aAyman,$bGad Elmetwaly Elashkar$31995419 702 #1 $aSilva,$bTeresa de Almeida e$4727$31148780 801 #0 $aPT$bBN$gRPC 966 ## $lBN$mFGMON$sS.C. 169116 V.$x1 971 ## $corlando$d20260413 972 ## $e0$z0$d20260518$vasantos 973 ## $ctrodrigues$d20260513
|
|
|